The X Factor: Ruth Lorenzo Quiz Stats

 Plays Quiz not verified by Sporcle

Score 0/11 Timer 03:00
0 Plays Today
Week Song % Correct
Week 1Take My Breath Away
66.7%
Sing-offPurple Rain
50%
Week 4No More Tears (Enough Is Enough)
33.3%
Week 8I Love Rock 'n' Roll
33.3%
Week 5My All
16.7%
Sing-offKnockin' on Heaven's Door
16.7%
Week 6Angels
16.7%
Week 8Always
16.7%
Week 7Love Ain't Here Anymore
16.7%
Week 2I Just Can't Stop Loving You
0%
Week 3Summertime
0%

You're not logged in!

Compare scores with friends on all Sporcle quizzes.
OR
Log In

Show Comments

Extras

Top Quizzes Today


Score Distribution

Your Account Isn't Verified!

In order to create a playlist on Sporcle, you need to verify the email address you used during registration. Go to your Sporcle Settings to finish the process.

Report this User

Report this user for behavior that violates our Community Guidelines.

Details: